Global capitalism : (Record no. 172134)

MARC details
000 -LEADER
fixed length control field 01108cam a2200313Ii 4500
001 - CONTROL NUMBER
control field 1121084780
003 - CONTROL NUMBER IDENTIFIER
control field OSt
005 - DATE AND TIME OF LATEST TRANSACTION
control field 20250627142343.0
008 - FIXED-LENGTH DATA ELEMENTS--GENERAL INFORMATION
fixed length control field 190929t20202020nyu e b 001 0 eng d
020 ## - INTERNATIONAL STANDARD BOOK NUMBER
International Standard Book Number 9780393358254 (paperback)
024 ## - OTHER STANDARD IDENTIFIER
Terms of availability USD 18
040 ## - CATALOGING SOURCE
Original cataloging agency YDX
Language of cataloging eng
Description conventions rda
Transcribing agency NUST
Modifying agency NUST
050 #4 - LIBRARY OF CONGRESS CALL NUMBER
Classification number HF1359 FRI
100 1# - MAIN ENTRY--PERSONAL NAME
Personal name Frieden, Jeffry A.
Relator term Author
245 10 - TITLE STATEMENT
Title Global capitalism :
Remainder of title its fall and rise in the twentieth century, and its stumbles in the twenty-first /
Statement of responsibility, etc. Jeffry A. Frieden.
250 ## - EDITION STATEMENT
Edition statement First edition.
260 ## - PUBLICATION, DISTRIBUTION, ETC.
Place of publication, distribution, etc. New York :
Name of publisher, distributor, etc. W.W. Norton and Company,
Date of publication, distribution, etc. ©2020.
300 ## - PHYSICAL DESCRIPTION
Extent xv, 582 pages ;
Dimensions 21 cm.
336 ## - CONTENT TYPE
Content type term text
Content type code txt
Source rdacontent
337 ## - MEDIA TYPE
Media type term unmediated
Media type code n
Source rdamedia
338 ## - CARRIER TYPE
Carrier type term volume
Carrier type code nc
Source rdacarrier
504 ## - BIBLIOGRAPHY, ETC. NOTE
Bibliography, etc. note Includes bibliographical references and index.
650 #0 - SUBJECT ADDED ENTRY--TOPICAL TERM
Form subdivision Capitalism.
650 #0 - SUBJECT ADDED ENTRY--TOPICAL TERM
Form subdivision Capitalism -- History -- 20th century
650 #0 - SUBJECT ADDED ENTRY--TOPICAL TERM
Form subdivision Economic history.
650 #0 - SUBJECT ADDED ENTRY--TOPICAL TERM
Form subdivision Globalization -- Economic aspects.
650 #0 - SUBJECT ADDED ENTRY--TOPICAL TERM
Form subdivision International finance -- History -- 21st century.
942 ## - ADDED ENTRY ELEMENTS (KOHA)
Source of classification or shelving scheme Library of Congress Classification
Koha item type Ordinary Loan Books
Classification part HF1359 FRI
Call number prefix HF
Call number suffix FRI
Suppress in OPAC No
Holdings
Withdrawn status Lost status Source of classification or shelving scheme Damaged status Not for loan Collection Home library Current library Shelving location Date acquired Source of acquisition Cost, normal purchase price Total Checkouts Full call number Barcode Date last seen Accession number Cost, replacement price Price effective from Koha item type Public note
    LCC     NFIC MAIN MAIN GEN 06/27/2025 Book Aid International 18.00   HF1359 FRI 92004054239 06/27/2025 61344 18.00 06/27/2025 BOOKS Donation